000 00587nmm a2200181Ia 4500
008 251105s9999||||xx |||||||||||||||||und||
020 _a9788496231146
041 _aspa
100 _aAlbom, Mitch
245 0 _aLas cinco personas que encontrarás en el cielo :
_b Un libro muy original, con toques de espiritualidad.
264 _a[Madrid, España] :
_bMaeva Ediciones,
_c2004
300 _a0 páginas
490 _aMitch Albom
650 _aNorth American narrative
700 _a Antolín Rato, Mariano
856 _uhttps://public.digitaliapublishing.com/a/31589
942 _cCF
999 _c61496
_d61496